[Event "15e Festival de Meurthe et Moselle Blitz"]
[Site "?"]
[Date "2017.02.18"]
[Round "4.1"]
[White "Shchekachev, Andrei"]
[Black "Fressinet, Laurent"]
[Result "0-1"]
[LiveChessVersion "1.4.8"]
[BlackElo "2660"]
[WhiteElo "2552"]

1. Nf3 {[%clk 0:04:01]} d5 {[%clk 0:03:56]} 2. d4 {[%clk 0:04:02]} Nf6
{[%clk 0:03:57]} 3. c4 {[%clk 0:04:03]} e6 {[%clk 0:03:58]} 4. Nc3
{[%clk 0:04:04]} c6 {[%clk 0:03:59]} 5. g3 {[%clk 0:04:04]} Nbd7 {[%clk 0:03:57]}
6. Qd3 {[%clk 0:04:03]} b6 {[%clk 0:03:55]} 7. Bg2 {[%clk 0:04:03]} Ba6
{[%clk 0:03:55]} 8. b3 {[%clk 0:04:04]} Be7 {[%clk 0:03:53]} 9. O-O
{[%clk 0:04:03]} O-O {[%clk 0:03:53]} 10. Rd1 {[%clk 0:04:04]} Rc8
{[%clk 0:03:46]} 11. e4 {[%clk 0:04:00]} c5 {[%clk 0:03:26]} 12. exd5
{[%clk 0:03:46]} exd5 {[%clk 0:03:27]} 13. Nb5 {[%clk 0:02:27]} Bxb5
{[%clk 0:03:09]} 14. cxb5 {[%clk 0:02:28]} Ne4 {[%clk 0:03:07]} 15. Be3
{[%clk 0:01:32]} Bf6 {[%clk 0:02:54]} 16. Rac1 {[%clk 0:01:29]} Qe7
{[%clk 0:02:48]} 17. dxc5 {[%clk 0:00:50]} Ndxc5 {[%clk 0:02:47]} 18. Qxd5
{[%clk 0:00:25]} Nc3 {[%clk 0:02:47]} 19. Rxc3 {[%clk 0:00:26]} Bxc3
{[%clk 0:02:46]} 20. Qh5 {[%clk 0:00:25]} g6 {[%clk 0:02:41]} 21. Qh3
{[%clk 0:00:25]} Bg7 {[%clk 0:02:33]} 22. Qg4 {[%clk 0:00:17]} Rfd8
{[%clk 0:02:24]} 23. Rf1 {[%clk 0:00:13]} Qe4 {[%clk 0:02:20]} 24. Qh3
{[%clk 0:00:10]} Qe7 {[%clk 0:02:12]} 25. Qg4 {[%clk 0:00:11]} Ne6
{[%clk 0:02:09]} 26. a4 {[%clk 0:00:11]} Qd7 {[%clk 0:02:00]} 27. h4
{[%clk 0:00:08]} h5 {[%clk 0:01:56]} 28. Qe4 {[%clk 0:00:09]} Qd3
{[%clk 0:01:57]} 29. Ng5 {[%clk 0:00:06]} Qxe4 {[%clk 0:01:40]} 30. Bxe4
{[%clk 0:00:07]} Nxg5 {[%clk 0:01:40]} 31. Bxg5 {[%clk 0:00:08]} Rd4
{[%clk 0:01:40]} 32. Bc6 {[%clk 0:00:09]} Rd3 {[%clk 0:01:31]} 33. b4
{[%clk 0:00:07]} Bf8 {[%clk 0:01:29]} 34. Rb1 {[%clk 0:00:05]} Rd4
{[%clk 0:01:29]} 35. Kg2 {[%clk 0:00:04]} Rxb4 {[%clk 0:01:29]} 36. Rd1
{[%clk 0:00:05]} Bc5 {[%clk 0:01:25]} 37. Rd7 {[%clk 0:00:06]} Rb2
{[%clk 0:01:25]} 38. Bd5 {[%clk 0:00:06]} Rxf2+ {[%clk 0:01:26]} 39. Kh3
{[%clk 0:00:06]} Re8 {[%clk 0:01:26]} 40. Bf4 {[%clk 0:00:07]} Ree2
{[%clk 0:01:17]} 41. Bxf7+ {[%clk 0:00:05]} Kh8 0-1

[Event "15e Festival de Meurthe et Moselle Blitz"]
[Site "?"]
[Date "2017.02.18"]
[Round "4.2"]
[White "Gurevich, Mikhail"]
[Black "Cantin, Loic"]
[Result "1-0"]
[LiveChessVersion "1.4.8"]
[BlackElo "2184"]
[WhiteElo "2549"]

1. c4 {[%clk 0:04:01]} e5 {[%clk 0:04:02]} 2. Nc3 {[%clk 0:04:00]} Nc6
{[%clk 0:04:00]} 3. Nf3 {[%clk 0:04:00]} g6 {[%clk 0:03:54]} 4. d4
{[%clk 0:03:58]} exd4 {[%clk 0:03:49]} 5. Nxd4 {[%clk 0:03:58]} Bg7
{[%clk 0:03:48]} 6. Nxc6 {[%clk 0:03:58]} bxc6 {[%clk 0:03:48]} 7. g3
{[%clk 0:03:58]} Nf6 {[%clk 0:03:37]} 8. Bg2 {[%clk 0:03:57]} O-O
{[%clk 0:03:35]} 9. O-O {[%clk 0:03:57]} Re8 {[%clk 0:02:48]} 10. Qa4
{[%clk 0:03:39]} a6 {[%clk 0:02:14]} 11. Rd1 {[%clk 0:03:22]} Bb7
{[%clk 0:01:50]} 12. c5 {[%clk 0:02:55]} Qe7 {[%clk 0:01:37]} 13. Bf4
{[%clk 0:02:48]} Qxc5 {[%clk 0:01:32]} 14. Bxc7 {[%clk 0:02:25]} d5
{[%clk 0:01:33]} 15. Rac1 {[%clk 0:02:02]} Qe7 {[%clk 0:01:32]} 16. Bb6
{[%clk 0:02:00]} h5 {[%clk 0:01:27]} 17. Bd4 {[%clk 0:01:47]} Rab8
{[%clk 0:01:19]} 18. e3 {[%clk 0:01:41]} Rec8 {[%clk 0:01:15]} 19. Qa5
{[%clk 0:01:40]} Nd7 {[%clk 0:01:01]} 20. Bxg7 {[%clk 0:01:30]} Kxg7
{[%clk 0:01:02]} 21. Na4 {[%clk 0:01:26]} Qd8 {[%clk 0:00:58]} 22. Qd2
{[%clk 0:01:14]} a5 {[%clk 0:00:54]} 23. e4 {[%clk 0:01:10]} Nf6 {[%clk 0:00:50]}
24. Nc5 {[%clk 0:01:03]} Rc7 {[%clk 0:00:32]} 25. Qxa5 {[%clk 0:00:51]} Re7
{[%clk 0:00:26]} 26. Qc3 {[%clk 0:00:42]} Qb6 {[%clk 0:00:13]} 27. b3
{[%clk 0:00:38]} Bc8 {[%clk 0:00:13]} 28. exd5 {[%clk 0:00:31]} cxd5
{[%clk 0:00:12]} 29. Rxd5 {[%clk 0:00:27]} Rc7 {[%clk 0:00:10]} 30. Qd4
{[%clk 0:00:23]} Bb7 {[%clk 0:00:08]} 31. Rd6 {[%clk 0:00:23]} 1-0

[Event "15e Festival de Meurthe et Moselle Blitz"]
[Site "?"]
[Date "2017.02.18"]
[Round "4.3"]
[White "Le Corre, Benjamin"]
[Black "Fridman, Daniel"]
[Result "0-1"]
[LiveChessVersion "1.4.8"]
[BlackElo "2594"]
[WhiteElo "2278"]

1. e4 {[%clk 0:04:03]} e6 {[%clk 0:04:01]} 2. d4 {[%clk 0:04:04]} d5
{[%clk 0:04:02]} 3. Nc3 {[%clk 0:04:05]} Nf6 {[%clk 0:04:03]} 4. exd5
{[%clk 0:04:01]} exd5 {[%clk 0:04:03]} 5. Bf4 {[%clk 0:04:02]} Bd6
{[%clk 0:03:56]} 6. Nge2 {[%clk 0:03:51]} O-O {[%clk 0:03:54]} 7. Qd2
{[%clk 0:03:46]} c6 {[%clk 0:03:53]} 8. f3 {[%clk 0:03:42]} b5 {[%clk 0:03:50]}
9. Bxd6 {[%clk 0:03:26]} Qxd6 {[%clk 0:03:50]} 10. Qf4 {[%clk 0:03:27]} Qd8
{[%clk 0:03:45]} 11. a3 {[%clk 0:03:20]} a5 {[%clk 0:03:45]} 12. Ng3
{[%clk 0:03:16]} Na6 {[%clk 0:03:43]} 13. Bd3 {[%clk 0:02:59]} Nc7
{[%clk 0:03:36]} 14. O-O {[%clk 0:02:39]} Ne6 {[%clk 0:03:35]} 15. Qh4
{[%clk 0:02:22]} Ba6 {[%clk 0:03:04]} 16. Nce2 {[%clk 0:02:10]} g6
{[%clk 0:02:28]} 17. Qh6 {[%clk 0:01:47]} Kh8 {[%clk 0:02:14]} 18. Rfe1
{[%clk 0:01:31]} Re8 {[%clk 0:01:51]} 19. f4 {[%clk 0:01:15]} Ng8
{[%clk 0:01:41]} 20. Qh3 {[%clk 0:01:11]} f5 {[%clk 0:01:33]} 21. Nxf5
{[%clk 0:00:38]} gxf5 {[%clk 0:01:33]} 22. Bxf5 {[%clk 0:00:39]} Nf8
{[%clk 0:01:33]} 23. Ng3 {[%clk 0:00:37]} Qf6 {[%clk 0:01:28]} 24. c3
{[%clk 0:00:35]} Nh6 {[%clk 0:00:53]} 25. Re5 {[%clk 0:00:30]} Nf7
{[%clk 0:00:32]} 26. Rae1 {[%clk 0:00:14]} Nxe5 {[%clk 0:00:27]} 27. dxe5
{[%clk 0:00:15]} Qe7 {[%clk 0:00:23]} 28. Bc2 {[%clk 0:00:13]} Bc8
{[%clk 0:00:20]} 29. f5 {[%clk 0:00:14]} Qc5+ {[%clk 0:00:20]} 30. Kh1
{[%clk 0:00:15]} Qf2 {[%clk 0:00:21]} 31. Re2 {[%clk 0:00:12]} Qf4
{[%clk 0:00:21]} 32. Re1 {[%clk 0:00:03]} Rxe5 {[%clk 0:00:21]} 33. Rf1
{[%clk 0:00:05]} Qd2 {[%clk 0:00:19]} 34. Qh4 {[%clk 0:00:04]} Re1
{[%clk 0:00:06]} 0-1

[Event "15e Festival de Meurthe et Moselle Blitz"]
[Site "?"]
[Date "2017.02.18"]
[Round "4.4"]
[White "Nevednichy, Vladislav"]
[Black "Andriasyan, Siranush"]
[Result "1-0"]
[LiveChessVersion "1.4.8"]
[BlackElo "2281"]
[WhiteElo "2548"]

1. e4 {[%clk 0:04:02]} e5 {[%clk 0:04:02]} 2. Nf3 {[%clk 0:04:03]} Nc6
{[%clk 0:04:03]} 3. Bc4 {[%clk 0:04:04]} Nf6 {[%clk 0:04:03]} 4. d3
{[%clk 0:04:05]} Bc5 {[%clk 0:04:02]} 5. O-O {[%clk 0:04:04]} d6 {[%clk 0:03:57]}
6. c3 {[%clk 0:04:02]} a6 {[%clk 0:03:57]} 7. a4 {[%clk 0:04:01]} O-O
{[%clk 0:03:53]} 8. a5 {[%clk 0:03:58]} Be6 {[%clk 0:03:51]} 9. Nbd2
{[%clk 0:03:51]} Ba7 {[%clk 0:03:42]} 10. Re1 {[%clk 0:03:35]} Re8
{[%clk 0:03:33]} 11. h3 {[%clk 0:03:32]} Qd7 {[%clk 0:03:28]} 12. Bxe6
{[%clk 0:03:08]} Rxe6 {[%clk 0:03:22]} 13. Nf1 {[%clk 0:03:05]} d5
{[%clk 0:02:42]} 14. Qb3 {[%clk 0:03:01]} dxe4 {[%clk 0:02:23]} 15. dxe4
{[%clk 0:03:01]} Rb8 {[%clk 0:02:07]} 16. Ng3 {[%clk 0:03:00]} Ree8
{[%clk 0:01:51]} 17. Bg5 {[%clk 0:02:48]} Qe6 {[%clk 0:01:51]} 18. Qa4
{[%clk 0:02:43]} Nd7 {[%clk 0:01:45]} 19. b4 {[%clk 0:02:44]} f6 {[%clk 0:01:27]}
20. Be3 {[%clk 0:02:40]} Qc4 {[%clk 0:01:21]} 21. Qa2 {[%clk 0:02:16]} Qxa2
{[%clk 0:01:13]} 22. Rxa2 {[%clk 0:02:16]} Bxe3 {[%clk 0:01:03]} 23. Rxe3
{[%clk 0:02:17]} Nf8 {[%clk 0:01:05]} 24. Rd2 {[%clk 0:02:08]} Red8
{[%clk 0:01:05]} 25. Red3 {[%clk 0:02:08]} Ne6 {[%clk 0:01:05]} 26. Nf5
{[%clk 0:02:01]} Kf7 {[%clk 0:00:54]} 27. Rd7+ {[%clk 0:02:00]} Rxd7
{[%clk 0:00:44]} 28. Rxd7+ {[%clk 0:02:00]} Ke8 {[%clk 0:00:45]} 29. Rd5
{[%clk 0:01:50]} Rd8 {[%clk 0:00:45]} 30. Nd2 {[%clk 0:01:46]} Nf4
{[%clk 0:00:44]} 31. Nxg7+ {[%clk 0:01:43]} Kf7 {[%clk 0:00:45]} 32. Rxd8
{[%clk 0:01:42]} Nxd8 {[%clk 0:00:46]} 33. Nf5 {[%clk 0:01:42]} Ne2+
{[%clk 0:00:47]} 34. Kf1 {[%clk 0:01:42]} Nxc3 {[%clk 0:00:48]} 35. Ne3
{[%clk 0:01:37]} Na2 {[%clk 0:00:47]} 36. Nd5 {[%clk 0:01:33]} c6
{[%clk 0:00:46]} 37. Nb6 {[%clk 0:01:29]} Nxb4 {[%clk 0:00:47]} 38. Ndc4
{[%clk 0:01:30]} Ke6 {[%clk 0:00:46]} 39. Ke2 {[%clk 0:01:29]} Nc2
{[%clk 0:00:47]} 40. g3 {[%clk 0:01:29]} Nd4+ {[%clk 0:00:48]} 41. Ke3
{[%clk 0:01:30]} Nf7 {[%clk 0:00:45]} 42. f4 {[%clk 0:01:30]} Nd6
{[%clk 0:00:43]} 43. fxe5 {[%clk 0:01:19]} Nxc4+ {[%clk 0:00:38]} 44. Nxc4
{[%clk 0:01:17]} fxe5 {[%clk 0:00:40]} 45. g4 {[%clk 0:01:14]} Nb3
{[%clk 0:00:28]} 46. h4 {[%clk 0:01:14]} Nc5 {[%clk 0:00:27]} 47. g5
{[%clk 0:01:13]} Nd7 {[%clk 0:00:27]} 48. Kf3 {[%clk 0:01:11]} Nf8
{[%clk 0:00:27]} 49. h5 {[%clk 0:01:10]} c5 {[%clk 0:00:26]} 50. Kg4
{[%clk 0:01:07]} Nd7 {[%clk 0:00:24]} 51. Kh4 Nb8 52. Kg4 {[%clk 0:00:57]} Nc6
{[%clk 0:00:27]} 53. Kh4 {[%clk 0:00:40]} Nd4 {[%clk 0:00:22]} 54. g6
{[%clk 0:00:30]} hxg6 {[%clk 0:00:18]} 55. hxg6 {[%clk 0:00:31]} Kf6
{[%clk 0:00:19]} 56. Kh5 {[%clk 0:00:33]} Ne2 {[%clk 0:00:18]} 57. Kh6
{[%clk 0:00:33]} Nf4 {[%clk 0:00:09]} 58. g7 {[%clk 0:00:31]} Kf7
{[%clk 0:00:10]} 59. Kh7 {[%clk 0:00:31]} Ke8 1-0

[Event "15e Festival de Meurthe et Moselle Blitz"]
[Site "?"]
[Date "2017.02.18"]
[Round "5.1"]
[White "Fressinet, Laurent"]
[Black "Nevednichy, Vladislav"]
[Result "1-0"]
[LiveChessVersion "1.4.8"]
[BlackElo "2548"]
[WhiteElo "2660"]

1. Nf3 {[%clk 0:04:03]} Nf6 {[%clk 0:04:00]} 2. g3 {[%clk 0:04:03]} g6
{[%clk 0:04:01]} 3. b3 {[%clk 0:04:04]} Bg7 {[%clk 0:04:01]} 4. Bb2
{[%clk 0:04:05]} O-O {[%clk 0:04:02]} 5. Bg2 {[%clk 0:04:06]} d6 {[%clk 0:03:56]}
6. d4 {[%clk 0:04:07]} c6 {[%clk 0:03:50]} 7. O-O {[%clk 0:04:03]} Bf5
{[%clk 0:03:41]} 8. Nbd2 {[%clk 0:04:00]} Qc8 {[%clk 0:03:37]} 9. Re1
{[%clk 0:03:57]} Bh3 {[%clk 0:03:36]} 10. e4 {[%clk 0:03:57]} Bxg2
{[%clk 0:03:36]} 11. Kxg2 {[%clk 0:03:57]} Nh5 {[%clk 0:03:08]} 12. e5
{[%clk 0:03:43]} dxe5 {[%clk 0:02:58]} 13. dxe5 {[%clk 0:03:42]} Na6
{[%clk 0:02:52]} 14. Qe2 {[%clk 0:03:23]} Qg4 {[%clk 0:02:44]} 15. Qe4
{[%clk 0:03:21]} Qxe4 {[%clk 0:02:40]} 16. Nxe4 {[%clk 0:03:19]} Rfd8
{[%clk 0:02:33]} 17. Ba3 {[%clk 0:02:59]} Bf8 {[%clk 0:02:27]} 18. Rad1
{[%clk 0:02:55]} Ng7 {[%clk 0:02:24]} 19. h4 {[%clk 0:02:42]} h6 {[%clk 0:02:20]}
20. Nd4 {[%clk 0:02:18]} Rd5 {[%clk 0:01:58]} 21. Nc3 {[%clk 0:02:08]} Rdd8
{[%clk 0:01:46]} 22. e6 {[%clk 0:01:55]} Nxe6 {[%clk 0:01:35]} 23. Nxe6
{[%clk 0:01:55]} fxe6 {[%clk 0:01:36]} 24. Rxe6 {[%clk 0:01:54]} Rxd1
{[%clk 0:01:33]} 25. Nxd1 {[%clk 0:01:55]} Rd8 {[%clk 0:01:29]} 26. Ne3
{[%clk 0:01:55]} Kf7 {[%clk 0:01:30]} 27. Re4 {[%clk 0:01:56]} Nc7
{[%clk 0:01:26]} 28. Nc4 {[%clk 0:01:50]} Nd5 {[%clk 0:01:13]} 29. Ne5+
{[%clk 0:01:49]} Kg7 {[%clk 0:01:11]} 30. Bb2 {[%clk 0:01:48]} Nf6
{[%clk 0:01:05]} 31. Rb4 {[%clk 0:01:32]} Rd2 {[%clk 0:01:01]} 32. Rxb7
{[%clk 0:01:28]} Rxc2 {[%clk 0:01:02]} 33. Nc4 {[%clk 0:01:29]} Kf7
{[%clk 0:00:52]} 34. Rxa7 {[%clk 0:01:16]} Ne4 {[%clk 0:00:47]} 35. Bd4
{[%clk 0:01:16]} Bg7 {[%clk 0:00:40]} 36. Be3 {[%clk 0:01:03]} g5
{[%clk 0:00:37]} 37. hxg5 {[%clk 0:01:03]} hxg5 {[%clk 0:00:38]} 38. Kf3
{[%clk 0:01:03]} Nc3 {[%clk 0:00:33]} 39. Bxg5 {[%clk 0:01:00]} Bf6
{[%clk 0:00:34]} 40. Bxf6 {[%clk 0:00:38]} Kxf6 {[%clk 0:00:35]} 41. Rc7
{[%clk 0:00:36]} Nd1 {[%clk 0:00:26]} 42. Rxc6+ {[%clk 0:00:35]} Kg5
{[%clk 0:00:27]} 43. a4 {[%clk 0:00:29]} Rc3+ {[%clk 0:00:18]} 44. Ke4 1-0

[Event "15e Festival de Meurthe et Moselle Blitz"]
[Site "?"]
[Date "2017.02.18"]
[Round "5.2"]
[White "Bellahcene, Bilel"]
[Black "Gurevich, Mikhail"]
[Result "1-0"]
[LiveChessVersion "1.4.8"]
[BlackElo "2549"]
[WhiteElo "2486"]

1. e4 {[%clk 0:04:02]} e6 {[%clk 0:04:01]} 2. d4 {[%clk 0:04:01]} d5
{[%clk 0:04:02]} 3. Nc3 {[%clk 0:04:02]} Nf6 {[%clk 0:04:02]} 4. Bg5
{[%clk 0:04:01]} dxe4 {[%clk 0:04:02]} 5. Nxe4 {[%clk 0:04:02]} Be7
{[%clk 0:04:02]} 6. Bxf6 {[%clk 0:04:00]} Bxf6 {[%clk 0:04:03]} 7. Nf3
{[%clk 0:04:00]} Nd7 {[%clk 0:04:03]} 8. Bd3 {[%clk 0:03:58]} c5 {[%clk 0:03:50]}
9. Qe2 {[%clk 0:03:38]} Qa5+ {[%clk 0:03:15]} 10. c3 {[%clk 0:03:36]} cxd4
{[%clk 0:03:15]} 11. Nxf6+ {[%clk 0:03:06]} Nxf6 {[%clk 0:03:13]} 12. Nxd4
{[%clk 0:03:08]} O-O {[%clk 0:03:04]} 13. O-O {[%clk 0:02:51]} e5
{[%clk 0:02:58]} 14. Nb3 {[%clk 0:02:53]} Qc7 {[%clk 0:02:55]} 15. Rfe1
{[%clk 0:02:53]} Re8 {[%clk 0:02:49]} 16. Nd2 {[%clk 0:02:49]} Bg4
{[%clk 0:02:39]} 17. Qe3 {[%clk 0:02:45]} Rad8 {[%clk 0:02:36]} 18. Ne4
{[%clk 0:02:25]} Nd5 {[%clk 0:02:08]} 19. Qg3 {[%clk 0:01:17]} Bf5
{[%clk 0:01:07]} 20. h3 {[%clk 0:00:53]} Bg6 {[%clk 0:00:58]} 21. Bb5
{[%clk 0:00:51]} Re7 {[%clk 0:00:55]} 22. Rad1 {[%clk 0:00:50]} a6
{[%clk 0:00:55]} 23. Bf1 {[%clk 0:00:50]} Red7 {[%clk 0:00:48]} 24. Ng5
{[%clk 0:00:51]} Nf4 {[%clk 0:00:46]} 25. Rxd7 {[%clk 0:00:52]} Qxd7
{[%clk 0:00:44]} 26. Rxe5 {[%clk 0:00:28]} f6 {[%clk 0:00:45]} 27. Qxf4
{[%clk 0:00:29]} fxe5 {[%clk 0:00:45]} 28. Qxe5 {[%clk 0:00:19]} h6
{[%clk 0:00:41]} 29. Ne6 {[%clk 0:00:18]} Re8 {[%clk 0:00:42]} 30. Bc4
{[%clk 0:00:19]} Kh8 {[%clk 0:00:37]} 31. f4 {[%clk 0:00:15]} Bh7
{[%clk 0:00:34]} 32. Qd4 {[%clk 0:00:09]} Qxd4+ {[%clk 0:00:30]} 33. Nxd4
{[%clk 0:00:10]} Re1+ {[%clk 0:00:30]} 34. Kf2 {[%clk 0:00:11]} Rb1
{[%clk 0:00:31]} 35. b4 {[%clk 0:00:12]} Rc1 {[%clk 0:00:31]} 36. Ne2
{[%clk 0:00:13]} Rc2 {[%clk 0:00:28]} 37. Bb3 {[%clk 0:00:14]} Rb2
{[%clk 0:00:27]} 38. Ke3 {[%clk 0:00:14]} Bg8 {[%clk 0:00:25]} 39. c4
{[%clk 0:00:12]} b5 {[%clk 0:00:19]} 40. c5 {[%clk 0:00:11]} Bxb3
{[%clk 0:00:18]} 41. axb3 {[%clk 0:00:12]} Rxb3+ {[%clk 0:00:19]} 42. Ke4
{[%clk 0:00:11]} Rxb4+ {[%clk 0:00:19]} 43. Kd5 {[%clk 0:00:13]} a5
{[%clk 0:00:15]} 44. c6 {[%clk 0:00:13]} a4 {[%clk 0:00:16]} 45. Nd4
{[%clk 0:00:10]} Rc4 {[%clk 0:00:08]} 46. Nxb5 {[%clk 0:00:10]} Rc1
{[%clk 0:00:09]} 47. Kd6 {[%clk 0:00:09]} Rd1+ {[%clk 0:00:09]} 48. Kc5
{[%clk 0:00:10]} Rc1+ {[%clk 0:00:10]} 49. Kb6 {[%clk 0:00:11]} Kg8
{[%clk 0:00:09]} 50. c7 {[%clk 0:00:12]} Kf7 {[%clk 0:00:10]} 51. Kb7
{[%clk 0:00:12]} Kf6 {[%clk 0:00:09]} 52. g4 {[%clk 0:00:13]} Rc5
{[%clk 0:00:07]} 53. c8=Q {[%clk 0:00:13]} Rxc8 {[%clk 0:00:08]} 54. Kxc8
{[%clk 0:00:14]} Ke6 {[%clk 0:00:09]} 55. Kc7 {[%clk 0:00:15]} Kd5
{[%clk 0:00:10]} 56. Nc3+ {[%clk 0:00:16]} Kd4 {[%clk 0:00:11]} 57. Nxa4
{[%clk 0:00:18]} Ke4 {[%clk 0:00:13]} 58. f5 {[%clk 0:00:11]} Kf4
{[%clk 0:00:07]} 59. Nc5 {[%clk 0:00:08]} Kg3 {[%clk 0:00:00]} 60. Ne6 1-0

[Event "15e Festival de Meurthe et Moselle Blitz"]
[Site "?"]
[Date "2017.02.18"]
[Round "5.3"]
[White "Fridman, Daniel"]
[Black "Mullon, Jean-Baptiste"]
[Result "1-0"]
[LiveChessVersion "1.4.8"]
[BlackElo "2388"]
[WhiteElo "2594"]

1. Nf3 {[%clk 0:04:02]} Nf6 {[%clk 0:04:02]} 2. g3 {[%clk 0:04:03]} b6
{[%clk 0:04:03]} 3. Bg2 {[%clk 0:04:04]} Bb7 {[%clk 0:04:04]} 4. O-O
{[%clk 0:04:03]} e6 {[%clk 0:04:05]} 5. c4 {[%clk 0:04:04]} Be7 {[%clk 0:04:04]}
6. d4 {[%clk 0:04:04]} O-O {[%clk 0:04:03]} 7. d5 {[%clk 0:04:04]} exd5
{[%clk 0:03:26]} 8. Nh4 {[%clk 0:04:05]} Re8 {[%clk 0:03:17]} 9. cxd5
{[%clk 0:04:01]} Bf8 {[%clk 0:02:47]} 10. Nc3 {[%clk 0:04:00]} g6
{[%clk 0:02:35]} 11. e4 {[%clk 0:03:56]} Bg7 {[%clk 0:02:34]} 12. f4
{[%clk 0:03:49]} d6 {[%clk 0:02:31]} 13. Re1 {[%clk 0:03:49]} Nbd7
{[%clk 0:02:12]} 14. Nf3 {[%clk 0:02:59]} Nc5 {[%clk 0:02:03]} 15. Qc2
{[%clk 0:02:54]} a5 {[%clk 0:02:02]} 16. Rb1 {[%clk 0:02:36]} Ba6
{[%clk 0:02:01]} 17. Bf1 {[%clk 0:02:37]} Bxf1 {[%clk 0:01:57]} 18. Kxf1
{[%clk 0:02:37]} Qc8 {[%clk 0:01:57]} 19. e5 {[%clk 0:02:21]} dxe5
{[%clk 0:01:52]} 20. fxe5 {[%clk 0:02:14]} Qg4 {[%clk 0:01:44]} 21. Kg2
{[%clk 0:02:05]} Nh5 {[%clk 0:01:38]} 22. Ne4 {[%clk 0:01:45]} Nd7
{[%clk 0:01:00]} 23. h3 {[%clk 0:01:25]} Qf5 {[%clk 0:00:59]} 24. g4
{[%clk 0:01:26]} Nf4+ {[%clk 0:00:56]} 25. Kh1 {[%clk 0:01:17]} Nxe5
{[%clk 0:00:35]} 26. gxf5 {[%clk 0:01:14]} 1-0

[Event "15e Festival de Meurthe et Moselle Blitz"]
[Site "?"]
[Date "2017.02.18"]
[Round "5.4"]
[White "Berend, Fred"]
[Black "Mohammad, Samir"]
[Result "0-1"]
[LiveChessVersion "1.4.8"]
[BlackElo "2357"]
[WhiteElo "2343"]

1. d4 {[%clk 0:04:03]} d6 {[%clk 0:04:01]} 2. e4 {[%clk 0:04:03]} Nf6
{[%clk 0:04:01]} 3. Nc3 {[%clk 0:04:04]} g6 {[%clk 0:04:01]} 4. Be3
{[%clk 0:03:59]} Bg7 {[%clk 0:04:02]} 5. Qd2 {[%clk 0:04:00]} O-O
{[%clk 0:04:01]} 6. Bh6 {[%clk 0:03:52]} c5 {[%clk 0:03:50]} 7. Bxg7
{[%clk 0:03:51]} Kxg7 {[%clk 0:03:51]} 8. Nf3 {[%clk 0:03:50]} Nc6
{[%clk 0:03:41]} 9. d5 {[%clk 0:03:30]} Nb8 {[%clk 0:03:39]} 10. h3
{[%clk 0:03:24]} a6 {[%clk 0:03:38]} 11. a4 {[%clk 0:03:26]} Nbd7
{[%clk 0:03:37]} 12. Be2 {[%clk 0:03:17]} Rb8 {[%clk 0:03:37]} 13. O-O
{[%clk 0:03:15]} b5 {[%clk 0:03:16]} 14. axb5 {[%clk 0:03:04]} axb5
{[%clk 0:03:17]} 15. Qf4 {[%clk 0:02:48]} b4 {[%clk 0:03:13]} 16. Nd1
{[%clk 0:02:34]} Qc7 {[%clk 0:03:00]} 17. Nd2 {[%clk 0:02:23]} e5
{[%clk 0:02:54]} 18. dxe6 {[%clk 0:02:06]} fxe6 {[%clk 0:02:55]} 19. Nc4
{[%clk 0:02:07]} e5 {[%clk 0:02:55]} 20. Qh4 {[%clk 0:01:52]} Bb7
{[%clk 0:02:47]} 21. f3 {[%clk 0:01:49]} Ra8 {[%clk 0:02:22]} 22. Nde3
{[%clk 0:01:46]} Bc6 {[%clk 0:02:14]} 23. Qg3 {[%clk 0:01:34]} Nh5
{[%clk 0:02:07]} 24. Qg5 {[%clk 0:01:05]} Nf4 {[%clk 0:01:54]} 25. Rxa8
{[%clk 0:00:43]} Bxa8 {[%clk 0:01:44]} 26. Rf2 {[%clk 0:00:31]} Rf6
{[%clk 0:01:18]} 27. Bf1 {[%clk 0:00:20]} h6 {[%clk 0:01:13]} 28. Qg4
{[%clk 0:00:18]} Nf8 {[%clk 0:00:55]} 29. Rd2 {[%clk 0:00:19]} Kf7
{[%clk 0:00:47]} 30. h4 {[%clk 0:00:19]} h5 {[%clk 0:00:46]} 31. Qg3
{[%clk 0:00:19]} Bc6 {[%clk 0:00:42]} 32. Qf2 {[%clk 0:00:20]} Nh7
{[%clk 0:00:32]} 33. g3 {[%clk 0:00:21]} Ne6 {[%clk 0:00:32]} 34. Nxd6+
{[%clk 0:00:20]} Kg7 {[%clk 0:00:31]} 35. Bb5 {[%clk 0:00:09]} Nd4
{[%clk 0:00:32]} 36. Bxc6 {[%clk 0:00:08]} Qxd6 {[%clk 0:00:25]} 37. Ba4
{[%clk 0:00:07]} Nxf3+ {[%clk 0:00:25]} 38. Qxf3 {[%clk 0:00:05]} Qxd2
{[%clk 0:00:26]} 39. Nf5+ {[%clk 0:00:03]} gxf5 {[%clk 0:00:25]} 40. exf5
{[%clk 0:00:04]} Qc1+ {[%clk 0:00:23]} 41. Kh2 {[%clk 0:00:04]} Qd2+
{[%clk 0:00:23]} 42. Kh3 {[%clk 0:00:06]} Qe1 {[%clk 0:00:20]} 43. Bb3
{[%clk 0:00:06]} e4 {[%clk 0:00:18]} 44. Qg2 {[%clk 0:00:07]} Qe3
{[%clk 0:00:18]} 45. Kh2 {[%clk 0:00:07]} Rxf5 {[%clk 0:00:18]} 0-1

[Event "15e Festival de Meurthe et Moselle Blitz"]
[Site "?"]
[Date "2017.02.18"]
[Round "6.1"]
[White "Fridman, Daniel"]
[Black "Fressinet, Laurent"]
[Result "0-1"]
[LiveChessVersion "1.4.8"]
[BlackElo "2660"]
[WhiteElo "2594"]

1. Nf3 {[%clk 0:04:02]} d5 {[%clk 0:04:02]} 2. d4 {[%clk 0:04:02]} Nf6
{[%clk 0:04:03]} 3. c4 {[%clk 0:04:04]} e6 {[%clk 0:04:05]} 4. Bg5
{[%clk 0:03:54]} Bb4+ {[%clk 0:03:57]} 5. Nbd2 {[%clk 0:03:53]} dxc4
{[%clk 0:03:48]} 6. Qc2 {[%clk 0:03:52]} b5 {[%clk 0:03:37]} 7. e4
{[%clk 0:03:21]} h6 {[%clk 0:03:26]} 8. Bxf6 {[%clk 0:03:16]} Qxf6
{[%clk 0:03:26]} 9. a4 {[%clk 0:03:10]} c6 {[%clk 0:03:26]} 10. axb5
{[%clk 0:03:05]} cxb5 {[%clk 0:03:26]} 11. b3 {[%clk 0:03:04]} Nc6
{[%clk 0:03:15]} 12. e5 {[%clk 0:02:27]} Nxd4 {[%clk 0:02:48]} 13. Qe4
{[%clk 0:02:27]} Nxf3+ {[%clk 0:02:43]} 14. gxf3 {[%clk 0:02:27]} Qd8
{[%clk 0:01:45]} 15. O-O-O {[%clk 0:02:26]} Qd5 {[%clk 0:01:11]} 16. bxc4
{[%clk 0:02:21]} Bxd2+ {[%clk 0:01:00]} 17. Rxd2 {[%clk 0:02:22]} Qxe4
{[%clk 0:01:01]} 18. fxe4 {[%clk 0:02:22]} bxc4 {[%clk 0:01:01]} 19. Bxc4
{[%clk 0:02:22]} O-O {[%clk 0:01:01]} 20. f3 {[%clk 0:01:29]} Bb7
{[%clk 0:01:01]} 21. Kb2 {[%clk 0:01:19]} Rab8 {[%clk 0:00:45]} 22. Ka1
{[%clk 0:01:16]} Rfc8 {[%clk 0:00:39]} 23. Ba2 {[%clk 0:01:16]} Bc6
{[%clk 0:00:35]} 24. Rhd1 {[%clk 0:01:06]} Ba4 {[%clk 0:00:33]} 25. Rb1
{[%clk 0:01:00]} g5 {[%clk 0:00:22]} 26. Rxb8 {[%clk 0:00:54]} Rxb8
{[%clk 0:00:23]} 27. h4 {[%clk 0:00:48]} Kg7 {[%clk 0:00:24]} 28. Rg2
{[%clk 0:00:47]} Bd1 {[%clk 0:00:20]} 29. hxg5 {[%clk 0:00:43]} Bxf3
{[%clk 0:00:20]} 30. gxh6+ {[%clk 0:00:44]} Kxh6 {[%clk 0:00:21]} 31. Rf2
{[%clk 0:00:45]} Bh5 {[%clk 0:00:22]} 32. Bb1 {[%clk 0:00:44]} Rb5
{[%clk 0:00:21]} 33. Rh2 {[%clk 0:00:29]} Kg5 {[%clk 0:00:21]} 34. Rg2+
{[%clk 0:00:30]} Kf4 {[%clk 0:00:18]} 35. Bd3 {[%clk 0:00:24]} Rxe5
{[%clk 0:00:13]} 36. Kb2 {[%clk 0:00:25]} Bg6 {[%clk 0:00:13]} 37. Kc3
{[%clk 0:00:17]} Bxe4 {[%clk 0:00:10]} 38. Rf2+ {[%clk 0:00:18]} Bf3
{[%clk 0:00:11]} 39. Rh2 {[%clk 0:00:16]} Re1 {[%clk 0:00:08]} 40. Rh7
{[%clk 0:00:16]} f5 {[%clk 0:00:09]} 41. Rxa7 {[%clk 0:00:16]} e5
{[%clk 0:00:10]} 42. Rf7 {[%clk 0:00:15]} e4 {[%clk 0:00:11]} 43. Bc4
{[%clk 0:00:15]} Rc1+ {[%clk 0:00:11]} 44. Kd4 {[%clk 0:00:16]} Rd1+
{[%clk 0:00:12]} 45. Kc3 {[%clk 0:00:17]} e3 {[%clk 0:00:13]} 46. Bd3
{[%clk 0:00:16]} Be4 {[%clk 0:00:14]} 47. Be2 {[%clk 0:00:17]} Rd2
{[%clk 0:00:14]} 48. Bh5 {[%clk 0:00:18]} Rh2 {[%clk 0:00:14]} 49. Bg6
{[%clk 0:00:17]} Rc2+ {[%clk 0:00:15]} 50. Kd4 Ke5+ 0-1